[Event "World ol U16"]
[Site "Corum"]
[Date "2019.11.04"]
[Round "8.7"]
[White "Daggupati, Balaji"]
[Black "Lukin, Elisha"]
[Result "1-0"]
[WhiteElo "2310"]
[BlackElo "2280"]
[PlyCount "61"]
[EventDate "2019.10.29"]
[EventType "team-swiss"]
[EventRounds "9"]
[EventCountry "TUR"]
[SourceTitle "CBM 192 Extra"]
[Source "Chessbase"]
[SourceDate "2019.11.06"]
[SourceVersion "1"]
[SourceVersionDate "2019.11.06"]
[SourceQuality "1"]
[WhiteTeam "United States"]
[BlackTeam "Israel"]
[WhiteTeamCountry "USA"]
[BlackTeamCountry "ISR"]

1. e4 e6 2. d4 d5 3. Nc3 Bb4 4. a3 Bxc3+ 5. bxc3 dxe4 6. Qg4 Nf6 7. Qxg7 Rg8 8. Qh6 c5 9. Ne2 Rg6 10. Qh4 Rg4 11. Qh3 Nc6 12. dxc5 Qa5 13. Qe3 Nd5 14. Qh3 Nf6 15. Bd2 e5 16. Ng3 Rf4 17. Qh6 Rxf2 18. Nh5 Nxh5 19. Kxf2 Qxc5+ 20. Be3 Qxc3 21. Qxh5 Be6 22. Be2 0-0-0 23. Rad1 Rg8 24. Qxh7 Rxg2+ 25. Kxg2 Qxe3 26. Rhe1 Kc7 27. Qh5 f5 28. Qg6 f4 29. Qxe6 f3+ 30. Bxf3 exf3+ 31. Kh1 1-0

[Event "World ol U16"]
[Site "Corum"]
[Date "2019.11.03"]
[Round "7.8"]
[White "Hua, Eugene"]
[Black "Lukin, Elisha"]
[Result "1-0"]
[WhiteElo "2285"]
[BlackElo "2280"]
[PlyCount "42"]
[EventDate "2019.10.29"]
[EventType "team-swiss"]
[EventRounds "9"]
[EventCountry "TUR"]
[SourceTitle "CBM 192 Extra"]
[Source "Chessbase"]
[SourceDate "2019.11.06"]
[SourceVersion "1"]
[SourceVersionDate "2019.11.06"]
[SourceQuality "1"]
[WhiteTeam "Canada"]
[BlackTeam "Israel"]
[WhiteTeamCountry "CAN"]
[BlackTeamCountry "ISR"]

1. e4 e6 2. d4 d5 3. Nd2 c5 4. exd5 Qxd5 5. Ngf3 cxd4 6. Bc4 Qd7 7. 0-0 Nc6 8. Nb3 a6 9. Nbxd4 Nf6 10. Bg5 b5 11. Bb3 Nxd4 12. Nxd4 Bc5 13. c3 Bb7 14. a4 b4 15. Bxf6 gxf6 16. Bxe6 fxe6 17. Qh5+ Qf7 18. Qxc5 Rg8 19. f3 Rg5 20. Qb6 Bd5 21. c4 Qb7 1-0

[Event "World ol U16"]
[Site "Corum"]
[Date "2019.11.01"]
[Round "5.2"]
[White "Lukin, Elisha"]
[Black "Ahmadzada, Ahmad Samir"]
[Result "0-1"]
[WhiteElo "2280"]
[BlackElo "2406"]
[PlyCount "68"]
[EventDate "2019.10.29"]
[EventType "team-swiss"]
[EventRounds "9"]
[EventCountry "TUR"]
[SourceTitle "CBM 192 Extra"]
[Source "Chessbase"]
[SourceDate "2019.11.06"]
[SourceVersion "1"]
[SourceVersionDate "2019.11.06"]
[SourceQuality "1"]
[WhiteTeam "Israel"]
[BlackTeam "Azerbaijan"]
[WhiteTeamCountry "ISR"]
[BlackTeamCountry "AZE"]

1. d4 Nf6 2. c4 c5 3. d5 e6 4. Nc3 exd5 5. cxd5 d6 6. e4 g6 7. f4 Bg7 8. Bb5+ Nbd7 9. e5 dxe5 10. fxe5 Nh5 11. e6 Qh4+ 12. g3 Nxg3 13. hxg3 Qxh1 14. Be3 Bxc3+ 15. bxc3 a6 16. exd7+ Bxd7 17. Bxd7+ Kxd7 18. Qb3 b5 19. 0-0-0 Rhe8 20. Bxc5 Rac8 21. Qa3 Re4 22. d6 Qh6+ 23. Kc2 Ra4 24. Qb3 Rc4 25. Bd4 Qh2+ 26. Rd2 Qxg3 27. Kb2 R8c6 28. a4 b4 29. cxb4 Qf4 30. Nf3 Rxd4 31. Ne5+ Qxe5 32. Qxf7+ Kxd6 33. Qf8+ Kc7 34. Qf7+ Rd7+ 0-1

[Event "Netanya op"]
[Site "Netanya"]
[Date "2019.07.02"]
[Round "9"]
[White "Lukin, Elisha"]
[Black "Levin, Guy"]
[Result "1-0"]
[WhiteElo "2196"]
[BlackElo "2054"]
[PlyCount "45"]
[EventDate "2019.06.23"]
[EventType "swiss"]
[EventRounds "9"]
[EventCountry "ISR"]
[SourceTitle "EXT 2020"]
[Source "ChessBase"]
[SourceDate "2019.10.17"]
[SourceVersion "1"]
[SourceVersionDate "2019.10.17"]
[SourceQuality "1"]

1. d4 Nf6 2. c4 e6 3. Nc3 Bb4 4. e3 c5 5. Nge2 0-0 6. dxc5 Na6 7. g3 Nxc5 8. Bg2 d5 9. cxd5 Nxd5 10. 0-0 Nxc3 11. bxc3 Ba5 12. Ba3 Qc7 13. Nd4 Rd8 14. Qh5 Na4 15. Nb5 Qc4 16. Rfd1 Nxc3 17. Bf1 Rxd1 18. Rxd1 Qc6 19. Rd6 g6 20. Qh6 Qe8 21. Nxc3 Bxc3 22. Bb5 Qe7 23. Rd3 1-0

[Event "Netanya op"]
[Site "Netanya"]
[Date "2019.06.26"]
[Round "4"]
[White "Greenfeld, Alon"]
[Black "Lukin, Elisha"]
[Result "1-0"]
[WhiteElo "2513"]
[BlackElo "2196"]
[PlyCount "47"]
[EventDate "2019.06.23"]
[EventType "swiss"]
[EventRounds "9"]
[EventCountry "ISR"]
[SourceTitle "CBM 191 Extra"]
[Source "ChessBase"]
[SourceDate "2019.09.30"]
[SourceVersion "1"]
[SourceVersionDate "2019.09.30"]
[SourceQuality "1"]

1. d4 d5 2. c4 c6 3. Nf3 Nf6 4. Nc3 e6 5. e3 Nbd7 6. Bd3 dxc4 7. Bxc4 b5 8. Bd3 Bd6 9. Qc2 Bb7 10. e4 e5 11. Bg5 h6 12. Bh4 0-0 13. 0-0-0 Qb8 14. dxe5 Bxe5 15. Nxe5 Nxe5 16. Kb1 Nfd7 17. f4 Nxd3 18. Qxd3 Nb6 19. e5 Nd5 20. Nxd5 cxd5 21. Be7 Re8 22. Bd6 Qc8 23. Rc1 Qg4 24. Qxb5 1-0

[Event "ISR-ch"]
[Site "Maalot Tarshiha"]
[Date "2018.12.20"]
[Round "9"]
[White "Gershkowich, David"]
[Black "Lukin, Elisha"]
[Result "1-0"]
[WhiteElo "2193"]
[BlackElo "2280"]
[PlyCount "67"]
[EventDate "2018.12.12"]
[EventType "swiss"]
[EventRounds "9"]
[EventCountry "ISR"]
[SourceTitle "CBM 187 Extra"]
[Source "ChessBase"]
[SourceDate "2018.11.04"]
[SourceVersion "1"]
[SourceVersionDate "2018.11.04"]
[SourceQuality "1"]

1. e4 e6 2. d4 d5 3. Nc3 Bb4 4. e5 c5 5. a3 Bxc3+ 6. bxc3 Qa5 7. Bd2 Qa4 8. Qg4 Kf8 9. Qd1 b6 10. c4 Nc6 11. Nf3 dxc4 12. dxc5 Nge7 13. Be2 Nd5 14. 0-0 c3 15. Be3 Ba6 16. cxb6 axb6 17. Rb1 Rd8 18. Qe1 Qa5 19. Bxa6 Qxa6 20. Bg5 Rd7 21. Qe4 h6 22. Be3 Rc7 23. h4 Ke7 24. h5 Rd8 25. Qh7 Kd7 26. Qxg7 Kc8 27. Qxh6 Qa4 28. Qg5 Qxc2 29. Bxb6 Rb7 30. Rbc1 Qd3 31. Bxd8 Nxd8 32. Rfd1 Qc4 33. Rxc3 Qxc3 34. Rc1 1-0

[Event "ISR-ch"]
[Site "Maalot Tarshiha"]
[Date "2018.12.15"]
[Round "4"]
[White "Lukin, Elisha"]
[Black "Zhizmer, Yuri"]
[Result "1-0"]
[WhiteElo "2280"]
[BlackElo "2326"]
[PlyCount "69"]
[EventDate "2018.12.12"]
[EventType "swiss"]
[EventRounds "9"]
[EventCountry "ISR"]
[SourceTitle "CBM 187 Extra"]
[Source "ChessBase"]
[SourceDate "2018.11.04"]
[SourceVersion "1"]
[SourceVersionDate "2018.11.04"]
[SourceQuality "1"]

1. d4 d6 2. e4 Nf6 3. Nc3 e5 4. Nge2 Be7 5. h3 0-0 6. Be3 a6 7. g4 b5 8. Bg2 Bb7 9. 0-0 b4 10. Nd5 Nxd5 11. exd5 Nd7 12. dxe5 Nxe5 13. f4 Nc4 14. Bd4 Re8 15. Qd3 a5 16. Qxc4 Ba6 17. Qc6 Bxe2 18. g5 Bxf1 19. Rxf1 Bf8 20. h4 Qc8 21. f5 Qa6 22. c4 Re2 23. g6 Qxc6 24. dxc6 fxg6 25. Bd5+ Kh8 26. fxg6 Rae8 27. h5 Re1 28. Rxe1 Rxe1+ 29. Kf2 Rd1 30. Bb6 Rd2+ 31. Ke3 Rxb2 32. Bxc7 b3 33. axb3 Rxb3+ 34. Kd2 hxg6 35. Bb6 1-0

[Event "ISR-ch"]
[Site "Maalot Tarshiha"]
[Date "2018.12.12"]
[Round "1"]
[White "Greenfeld, Alon"]
[Black "Lukin, Elisha"]
[Result "1-0"]
[WhiteElo "2504"]
[BlackElo "2280"]
[PlyCount "79"]
[EventDate "2018.12.12"]
[EventType "swiss"]
[EventRounds "9"]
[EventCountry "ISR"]
[SourceTitle "CBM 187 Extra"]
[Source "ChessBase"]
[SourceDate "2018.11.04"]
[SourceVersion "1"]
[SourceVersionDate "2018.11.04"]
[SourceQuality "1"]

1. d4 d5 2. c4 c6 3. Nf3 Nf6 4. g3 Bf5 5. Nc3 e6 6. Nh4 Bg4 7. Qb3 b5 8. cxd5 exd5 9. Bg2 Be7 10. Qc2 Qd7 11. 0-0 0-0 12. Re1 Na6 13. a3 Rfe8 14. Bd2 Rac8 15. b4 Ne4 16. Nf3 Bf6 17. Nxe4 dxe4 18. Ne5 Bxe5 19. dxe5 Bf5 20. Qb2 c5 21. Be3 c4 22. Rad1 Qb7 23. Rd6 c3 24. Qb3 Rxe5 25. Rc1 Re6 26. Rd5 g6 27. Rxc3 Rec6 28. Rxc6 Qxc6 29. Bh6 Qf6 30. Qd1 Nc7 31. Rd6 Ne6 32. h4 Rd8 33. Qd5 Rxd6 34. Qxd6 Qd8 35. Qe5 a6 36. Bxe4 Bg4 37. Bd5 Qc7 38. Qb2 Qd7 39. Bxe6 fxe6 40. Qf6 1-0

[Event "ISR-chT"]
[Site "Israel"]
[Date "2018.02.16"]
[Round "7.4"]
[White "Postny, Evgeny"]
[Black "Lukin, Elisha"]
[Result "0-1"]
[WhiteElo "2574"]
[BlackElo "2133"]
[PlyCount "52"]
[EventDate "2018.01.05"]
[EventType "team-tourn"]
[EventRounds "11"]
[EventCountry "ISR"]
[SourceTitle "CBM 182 Extra"]
[Source "ChessBase"]
[SourceDate "2018.02.23"]
[SourceVersion "1"]
[SourceVersionDate "2018.02.23"]
[SourceQuality "1"]
[WhiteTeam "Beer Sheva"]
[BlackTeam "Jerusalem Tenth"]
[WhiteTeamCountry "ISR"]
[BlackTeamCountry "ISR"]

1. d4 d5 2. c4 c6 3. Nf3 Nf6 4. Nc3 Bf5 5. cxd5 cxd5 6. Qb3 Qb6 7. Nxd5 Qxb3 8. Nxf6+ exf6 9. axb3 Be6 10. e4 Bxb3 11. Bb5+ Nd7 12. Bf4 a6 13. Nd2 Bc2 14. Ke2 Rc8 15. Bc4 Bxe4 16. Nxe4 Rxc4 17. Rhc1 Rxd4 18. Ke3 Rd5 19. Rc8+ Ke7 20. Re1 g5 21. Bg3 f5 22. Nc3 f4+ 23. Kf3+ Re5 24. Nd5+ Ke6 25. Rd1 Rxd5 26. Re8+ Kd6 0-1

[Event "Wch U12"]
[Site "Porto Carras"]
[Date "2015.10.31"]
[Round "6"]
[White "Liang, Awonder"]
[Black "Lukin, Elisha"]
[Result "1-0"]
[WhiteElo "2365"]
[BlackElo "1995"]
[PlyCount "57"]
[EventDate "2015.10.25"]
[EventType "swiss"]
[EventRounds "11"]
[EventCountry "GRE"]
[SourceTitle "CBM 169 Extra"]
[Source "ChessBase"]
[SourceDate "2015.12.18"]
[SourceVersion "1"]
[SourceVersionDate "2015.12.18"]
[SourceQuality "1"]

1. c4 e5 2. g3 Nf6 3. Bg2 d5 4. cxd5 Nxd5 5. Nf3 Nc6 6. 0-0 Nb6 7. b3 Be6 8. Bb2 f6 9. d4 e4 10. Ne1 f5 11. f3 Nd5 12. fxe4 Ne3 13. Qd3 Nxf1 14. exf5 Bxf5 15. Qxf5 Ne3 16. Qe6+ Be7 17. Qxe3 0-0 18. Nf3 Re8 19. Qd3 Qd7 20. Nbd2 Rad8 21. e3 Nb4 22. Qc4+ Qd5 23. Qc3 Qh5 24. Ne5 c6 25. Qc4+ Nd5 26. e4 b5 27. Qxc6 Rd6 28. Qxb5 Ne3 29. Bf3 1-0

[Event "EU-ch 16th"]
[Site "Jerusalem"]
[Date "2015.03.03"]
[Round "7"]
[White "Lukin, Elisha"]
[Black "Mdivani, Maka"]
[Result "1/2-1/2"]
[WhiteElo "1721"]
[BlackElo "2105"]
[PlyCount "127"]
[EventDate "2015.02.24"]
[EventType "swiss"]
[EventRounds "11"]
[EventCountry "ISR"]
[SourceTitle "CBM 166"]
[Source "ChessBase"]
[SourceDate "2015.05.11"]
[SourceVersion "1"]
[SourceVersionDate "2015.05.11"]
[SourceQuality "1"]

1. d4 f5 2. Qd3 d5 3. g4 e6 4. Nc3 c6 5. gxf5 exf5 6. Bh3 g6 7. Nf3 Nf6 8. Bg5 Qd6 9. 0-0-0 b5 10. Ne5 b4 11. Na4 Ne4 12. Be3 Ba6 13. Qb3 Nd7 14. f3 Nef6 15. Bf4 Nh5 16. Bg5 Nxe5 17. Qe3 f4 18. dxe5 fxe3 19. exd6 Bxd6 20. Bxe3 Nf4 21. Bf1 0-0 22. Re1 Rae8 23. Kd2 Bb5 24. b3 Bxa4 25. bxa4 c5 26. Bf2 d4 27. e3 dxe3+ 28. Rxe3 Be5 29. Bc4+ Kg7 30. Re4 Bc3+ 31. Kd1 Rxe4 32. fxe4 Rd8+ 33. Kc1 Bd4 34. Bg3 Be3+ 35. Kb1 g5 36. h4 h6 37. hxg5 hxg5 38. e5 Rd4 39. Bxf4 Bxf4 40. Bd3 c4 41. Bf5 Bxe5 42. Re1 Kf6 43. Be4 Bg3 44. Rf1+ Ke5 45. Bb7 g4 46. a5 Bf4 47. Kb2 g3 48. a3 bxa3+ 49. Kxa3 Rd2 50. c3 Be3 51. Re1 Kf4 52. Rf1+ Kg4 53. Rf7 a6 54. Kb4 g2 55. Bxg2 Rxg2 56. Rg7+ Bg5 57. Kxc4 Ra2 58. Kb4 Kf5 59. Ra7 Rb2+ 60. Ka3 Bc1 61. Rf7+ Ke6 62. Rf1 Rb1+ 63. Ka2 Rb5 64. Rxc1 1/2-1/2

[Event "Maccabiah op"]
[Site "Jerusalem"]
[Date "2013.07.21"]
[Round "1"]
[White "Lukin, Elisha"]
[Black "Gutzeit, Avraham"]
[Result "1-0"]
[WhiteElo "1435"]
[BlackElo "2108"]
[PlyCount "81"]
[EventDate "2013.07.21"]
[EventType "swiss"]
[EventRounds "9"]
[EventCountry "ISR"]
[SourceTitle "EXT 2014"]
[Source "ChessBase"]
[SourceDate "2013.11.20"]
[SourceVersion "1"]
[SourceVersionDate "2013.11.20"]
[SourceQuality "1"]

1. d4 Nf6 2. c4 e6 3. Nc3 Bb4 4. Qc2 0-0 5. e4 d6 6. e5 Nfd7 7. Nf3 h6 8. Bd2 c5 9. exd6 cxd4 10. Nb5 Bxd2+ 11. Qxd2 Na6 12. Nfxd4 Ndc5 13. f3 Nb4 14. Qxb4 b6 15. Nc6 Qh4+ 16. g3 Qf6 17. Qc3 e5 18. 0-0-0 Bb7 19. Ne7+ Kh8 20. Nd5 Bxd5 21. Rxd5 Rad8 22. f4 a6 23. fxe5 Qg5+ 24. Kb1 axb5 25. cxb5 Rfe8 26. Bg2 Nd7 27. Re1 Rc8 28. Qd4 Rxe5 29. Rdxe5 Nxe5 30. d7 Qf5+ 31. Be4 Qxd7 32. Qxe5 Qd2 33. Bf5 Rg8 34. Bc2 Qxh2 35. Qf5 g6 36. Qxf7 Qxg3 37. Qf6+ Rg7 38. Rd1 Kh7 39. a3 h5 40. Rd8 Qg1+ 41. Ka2 1-0